Catálogo público

Biology of Sensory Systems / (Record no. 173618)

MARC details
000 -CABECERA
campo de control de longitud fija 00630nam a2200241Ia 4500
001 - NÚMERO DE CONTROL
campo de control dia_3120
003 - IDENTIFICADOR DEL NÚMERO DE CONTROL
campo de control CHAP
005 - FECHA Y HORA DE LA ÚLTIMA TRANSACCIÓN
campo de control 20230515140821.0
008 - DATOS DE LONGITUD FIJA--INFORMACIÓN GENERAL
campo de control de longitud fija 220117s2000 xx 000 0 und d
010 ## - NÚMERO DE CONTROL DE LA BIBLIOTECA DEL CONGRESO
Número de control de LC 173618
040 ## - FUENTE DE LA CATALOGACIÓN
Centro/agencia transcriptor CHAP
082 ## - NÚMERO DE LA CLASIFICACIÓN DECIMAL DEWEY
Número de clasificación 573.8 S5
100 ## - ENTRADA PRINCIPAL--NOMBRE DE PERSONA
Nombre de persona Smith, C.U.M.
9 (RLIN) 154100
245 ## - MENCIÓN DE TÍTULO
Título Biology of Sensory Systems /
Mención de responsabilidad, etc. by C.U.M. Smith
260 ## - PUBLICACIÓN, DISTRIBUCIÓN, ETC.
Lugar de publicación, distribución, etc. New york :
Nombre del editor, distribuidor, etc. John Wiley & Sons,
Fecha de publicación, distribución, etc. 2000
300 ## - DESCRIPCIÓN FÍSICA
Extensión 445 p.
500 ## - NOTA GENERAL
Nota general I.219456
650 ## - PUNTO DE ACCESO ADICIONAL DE MATERIA--TÉRMINO DE MATERIA
Término de materia o nombre geográfico como elemento de entrada 1.Biología
9 (RLIN) 154101
901 ## - ELEMENTOS DE DATOS A LOCAL LDA (RLIN)
a 573.8 S5
902 ## - ELEMENTOS DE DATOS B LOCAL, LDB (RLIN)
a M
905 ## - ELEMENTOS DE DATOS E LOCAL, LDE (RLIN)
a 0000002000 USAX 0000000000ING00
942 ## - ELEMENTOS DE PUNTO DE ACCESO ADICIONAL (KOHA)
Tipo de ítem Koha Libro
Fuente del sistema de clasificación o colocación Dewey Decimal Classification
Holdings
Estado de retiro Estado de pérdida Fuente del sistema de clasificación o colocación Estado dañado No para préstamo Código de colección Localización permanente Ubicación/localización actual Fecha de adquisición Información codificada de la localización en otra ubicación Total de préstamos Signatura topográfica completa Código de barras Fecha visto por última vez Número de copia Precio válido a partir de Tipo de ítem Koha
    Dewey Decimal Classification     General Ingenieria Agroindustrial Ingenieria Agroindustrial 18/01/2022 1   573.8 S5 dia_5607 18/01/2022 1 18/01/2022 Libro